Statistics for Body parts: roots and prefixes quiz

Click here to take the quiz!

General Stats

  • This quiz has been taken 98 times
  • The average score is 17 of 30

Answer Stats

HintAnswer% Correct
Cardi-Heart
99%
Gastr-Stomach
96%
Pulmon-Lung
93%
Derm-Skin
93%
Cerebr-Brain
92%
Dent-Tooth
89%
Haem-Blood
88%
Ocul-Eye
84%
Hepat-Liver
82%
Rhino-Nose
82%
Renal-Kidney
80%
Digit-Finger
79%
Ped-Foot
76%
Oss-Bone
72%
Vena-Vein
72%
Arteri-Artery
68%
Cephal-Head
50%
Ot-Ear
47%
My-Muscle
45%
Hyster-Uterus
42%
Brachi-Arm
41%
Carp-Wrist
38%
Cholecyst-Gallbladder
36%
Hist-Tissue
20%
Gnath-Jaw
16%
Pleur-Rib
16%
Blepharo-Eyelid
14%
Prosop-Face
5%
Karyo-Nucleus
4%
Splanchn-Viscera
0%

Score Distribution

Percentile by Number Answered

Percent of People with Each Score

Your Score History

You have not taken this quiz